000 01153nam a2200301 i 4500
001 20017
003 ES-MaACL
005 20250828061026.0
007 t|
008 021111s1904 sp |||| | spa d
080 _a061.21(460.27) Ateneo
110 2 _aAteneo de Madrid.
_91875
245 1 0 _aExtensión Universitaria.
246 3 5 _aConferencias de Extensión Universitaria
260 _aMadrid :
_b[s.n.],
_c1904 (
_fEst. Tipolitográfico Sucesores de Rivadeneyra)
300 _a14 p. ;
_c25 cm.
500 _aPrograma de las conferencias de Extensión Universitaria.
610 2 4 _aAteneo de Madrid.
_bEscuela de Estudios Superiores (1896-1907)-
_vMemorias.
_91960
610 2 4 _aAteneo de Madrid-
_vObras digitalizadas.
_91930
610 2 4 _aAteneo de Madrid-
_vConferencias-
_y1900-1939
_91907
650 4 _aExtensión universitaria.
_9174699
650 7 _aEducación popular
_2embne
_912118
852 4 _aES-MaACL
_jFol-Laf-192
_cDEPOF
856 4 _uhttp://www.ateneodemadrid.com/biblioteca_digital/folletos/Folletos-0015.pdf
_zVer documento
942 _2udc
_cFOLLETOS
_n0
999 _c20017
_d20017